[Event "ODJM C 2024"]
[Site "Willingen GER"]
[Date "2024.05.22"]
[Round "6"]
[White "Moissl, Julian"]
[Black "Christoffers, Julia Anne"]
[Result "0-1"]
[Termination "normal"]
[Board "22"]
[WhiteElo "1560"]
[BlackElo "1531"]
[WhiteClock "00:48:46"]
[BlackClock "00:30:55"]
[PlyCount "72"]
[WhiteFideId "16295129"]
[BlackFideId "16249895"]
[EventCountry "GER"]
[EventRounds "9"]
[EventType "swiss"]
[EventDate "2024.05.18"]

1. d4 {[%clk 01:30:58]} {[%emt 00:00:02]} Nf6 {[%clk 01:30:55]} {[%emt
00:00:06]} 2. c4 {[%clk 01:31:20]} {[%emt 00:00:07]} e6 {[%clk 01:31:11]}
{[%emt 00:00:15]} 3. Nf3 {[%clk 01:31:31]} {[%emt 00:00:18]} d5 {[%clk
01:31:20]} {[%emt 00:00:22]} 4. Bg5 {[%clk 01:31:36]} {[%emt 00:00:25]} Be7
{[%clk 01:31:36]} {[%emt 00:00:14]} 5. e3 {[%clk 01:31:28]} {[%emt 00:00:37]}
c6 {[%clk 01:31:27]} {[%emt 00:00:39]} 6. Bd3 {[%clk 01:31:04]} {[%emt
00:00:54]} dxc4 {[%clk 01:29:35]} {[%emt 00:02:23]} 7. Bxc4 {[%clk 01:31:25]}
{[%emt 00:00:09]} b5 {[%clk 01:29:59]} {[%emt 00:00:06]} 8. Bd3 {[%clk
01:31:30]} {[%emt 00:00:25]} Nbd7 {[%clk 01:30:06]} {[%emt 00:00:23]} 9. Qc2
{[%clk 01:30:44]} {[%emt 00:01:16]} Bb7 {[%clk 01:29:19]} {[%emt 00:01:16]} 10.
Nbd2 {[%clk 01:24:52]} {[%emt 00:06:22]} O-O {[%clk 01:26:54]} {[%emt
00:02:55]} 11. Ne5 {[%clk 01:23:55]} {[%emt 00:01:26]} Qc7 {[%clk 01:16:49]}
{[%emt 00:10:36]} 12. Nxd7 {[%clk 01:17:42]} {[%emt 00:06:43]} Qxd7 {[%clk
01:10:22]} {[%emt 00:06:58]} 13. Bxf6 {[%clk 01:17:26]} {[%emt 00:00:46]} Bxf6
{[%clk 01:10:02]} {[%emt 00:00:49]} 14. Bxh7+ {[%clk 01:17:41]} {[%emt
00:00:14]} Kh8 {[%clk 01:10:25]} {[%emt 00:00:07]} 15. Be4 {[%clk 01:17:04]}
{[%emt 00:01:07]} Rac8 {[%clk 01:07:28]} {[%emt 00:03:28]} 16. h4 {[%clk
01:15:24]} {[%emt 00:02:10]} Qe7 {[%clk 01:03:34]} {[%emt 00:04:24]} 17. h5
{[%clk 01:14:52]} {[%emt 00:01:02]} Bh4 {[%clk 00:59:13]} {[%emt 00:04:51]} 18.
Nf3 {[%clk 01:14:11]} {[%emt 00:01:10]} Bf6 {[%clk 00:56:44]} {[%emt 00:02:59]}
19. g4 {[%clk 01:13:31]} {[%emt 00:01:10]} c5 {[%clk 00:55:19]} {[%emt
00:01:57]} 20. Bxb7 {[%clk 01:12:45]} {[%emt 00:01:16]} Qxb7 {[%clk 00:55:33]}
{[%emt 00:00:16]} 21. Qe2 {[%clk 01:12:19]} {[%emt 00:00:55]} cxd4 {[%clk
00:55:11]} {[%emt 00:00:52]} 22. Rb1 {[%clk 01:07:44]} {[%emt 00:05:05]} Qe4
{[%clk 00:52:12]} {[%emt 00:03:29]} 23. Qd1 {[%clk 00:58:56]} {[%emt 00:09:18]}
dxe3 {[%clk 00:50:42]} {[%emt 00:02:00]} 24. fxe3 {[%clk 00:59:01]} {[%emt
00:00:25]} Qxe3+ {[%clk 00:50:00]} {[%emt 00:01:12]} 25. Qe2 {[%clk 00:57:41]}
{[%emt 00:01:50]} Rc1+ {[%clk 00:49:54]} {[%emt 00:00:36]} 26. Rxc1 {[%clk
00:57:54]} {[%emt 00:00:17]} Qxc1+ {[%clk 00:50:13]} {[%emt 00:00:11]} 27. Qd1
{[%clk 00:57:27]} {[%emt 00:00:57]} Rc8 {[%clk 00:49:24]} {[%emt 00:01:19]} 28.
O-O {[%clk 00:55:27]} {[%emt 00:02:29]} Bxb2 {[%clk 00:48:11]} {[%emt
00:01:43]} 29. Qd7 {[%clk 00:54:59]} {[%emt 00:00:58]} Qc5+ {[%clk 00:44:27]}
{[%emt 00:04:15]} 30. Kh1 {[%clk 00:53:49]} {[%emt 00:01:40]} Kg8 {[%clk
00:37:28]} {[%emt 00:07:29]} 31. Nh4 {[%clk 00:52:40]} {[%emt 00:01:39]} Qc6+
{[%clk 00:36:27]} {[%emt 00:01:31]} 32. Qxc6 {[%clk 00:52:35]} {[%emt
00:00:35]} Rxc6 {[%clk 00:36:54]} {[%emt 00:00:04]} 33. Rb1 {[%clk 00:52:39]}
{[%emt 00:00:26]} Bf6 {[%clk 00:36:15]} {[%emt 00:01:09]} 34. Nf3 {[%clk
00:52:53]} {[%emt 00:00:15]} Rc5 {[%clk 00:35:31]} {[%emt 00:01:14]} 35. Rd1
{[%clk 00:52:51]} {[%emt 00:00:32]} a5 {[%clk 00:31:28]} {[%emt 00:04:34]} 36.
Nd2 {[%clk 00:48:46]} {[%emt 00:04:34]} Rd5 {[%clk 00:30:55]} {[%emt 00:01:03]}
0-1

[Event "ODJM C 2024"]
[Site "Willingen GER"]
[Date "2024.05.22"]
[Round "6"]
[White "Glaser-Gallion, Ludwig"]
[Black "Wilting, Oskar"]
[Result "0-1"]
[Termination "normal"]
[Board "23"]
[WhiteElo "1236"]
[BlackElo "1503"]
[WhiteClock "00:47:39"]
[BlackClock "00:36:53"]
[PlyCount "120"]
[WhiteFideId "533001880"]
[BlackFideId "34640053"]
[EventCountry "GER"]
[EventRounds "9"]
[EventType "swiss"]
[EventDate "2024.05.18"]

1. d4 {[%clk 01:30:53]} {[%emt 00:00:06]} Nf6 {[%clk 01:30:49]} {[%emt
00:00:10]} 2. Bf4 {[%clk 01:31:16]} {[%emt 00:00:09]} g6 {[%clk 01:30:56]}
{[%emt 00:00:22]} 3. e3 {[%clk 01:31:38]} {[%emt 00:00:09]} Bg7 {[%clk
01:31:11]} {[%emt 00:00:13]} 4. Nd2 {[%clk 01:31:40]} {[%emt 00:00:29]} O-O
{[%clk 01:31:22]} {[%emt 00:00:18]} 5. Ngf3 {[%clk 01:31:56]} {[%emt 00:00:16]}
d6 {[%clk 01:30:56]} {[%emt 00:00:55]} 6. Be2 {[%clk 01:31:32]} {[%emt
00:00:54]} Re8 {[%clk 01:30:18]} {[%emt 00:01:06]} 7. O-O {[%clk 01:30:00]}
{[%emt 00:02:04]} Nc6 {[%clk 01:29:15]} {[%emt 00:01:33]} 8. h3 {[%clk
01:28:29]} {[%emt 00:02:02]} e5 {[%clk 01:27:17]} {[%emt 00:02:26]} 9. dxe5
{[%clk 01:27:39]} {[%emt 00:01:22]} dxe5 {[%clk 01:27:12]} {[%emt 00:00:35]}
10. Bh2 {[%clk 01:24:05]} {[%emt 00:04:04]} e4 {[%clk 01:26:11]} {[%emt
00:01:30]} 11. Ne1 {[%clk 01:20:40]} {[%emt 00:03:55]} Nd7 {[%clk 01:25:20]}
{[%emt 00:01:21]} 12. Bb5 {[%clk 01:20:10]} {[%emt 00:01:01]} Bxb2 {[%clk
01:24:19]} {[%emt 00:01:31]} 13. Rb1 {[%clk 01:19:37]} {[%emt 00:01:03]} Bg7
{[%clk 01:24:22]} {[%emt 00:00:25]} 14. Bxc6 {[%clk 01:18:44]} {[%emt
00:01:25]} bxc6 {[%clk 01:24:36]} {[%emt 00:00:15]} 15. Nb3 {[%clk 01:15:27]}
{[%emt 00:03:47]} Ba6 {[%clk 01:24:34]} {[%emt 00:00:32]} 16. Nd3 {[%clk
01:10:15]} {[%emt 00:05:42]} exd3 {[%clk 01:24:27]} {[%emt 00:00:37]} 17. cxd3
{[%clk 01:10:39]} {[%emt 00:00:07]} c5 {[%clk 01:21:57]} {[%emt 00:03:00]} 18.
Rc1 {[%clk 01:09:37]} {[%emt 00:01:31]} Qe7 {[%clk 01:14:30]} {[%emt 00:07:57]}
19. Bxc7 {[%clk 01:09:32]} {[%emt 00:00:35]} Rac8 {[%clk 01:14:43]} {[%emt
00:00:17]} 20. Bh2 {[%clk 01:08:48]} {[%emt 00:01:14]} c4 {[%clk 01:14:08]}
{[%emt 00:01:05]} 21. dxc4 {[%clk 01:08:19]} {[%emt 00:01:00]} Bxc4 {[%clk
01:14:15]} {[%emt 00:00:22]} 22. Re1 {[%clk 01:08:19]} {[%emt 00:00:30]} Bb2
{[%clk 01:12:53]} {[%emt 00:01:52]} 23. Rc2 {[%clk 01:07:34]} {[%emt 00:01:15]}
Bxb3 {[%clk 01:08:34]} {[%emt 00:04:49]} 24. axb3 {[%clk 01:06:41]} {[%emt
00:01:23]} Rxc2 {[%clk 01:03:51]} {[%emt 00:05:13]} 25. Qxc2 {[%clk 01:06:50]}
{[%emt 00:00:22]} Bg7 {[%clk 01:00:41]} {[%emt 00:03:39]} 26. Rd1 {[%clk
01:03:14]} {[%emt 00:04:06]} Rd8 {[%clk 00:57:21]} {[%emt 00:03:48]} 27. Bg3
{[%clk 00:58:28]} {[%emt 00:05:18]} Ne5 {[%clk 00:55:12]} {[%emt 00:02:34]} 28.
Rxd8+ {[%clk 00:58:13]} {[%emt 00:00:51]} Qxd8 {[%clk 00:55:20]} {[%emt
00:00:21]} 29. Qc5 {[%clk 00:57:45]} {[%emt 00:00:58]} Qd1+ {[%clk 00:45:03]}
{[%emt 00:10:48]} 30. Kh2 {[%clk 00:57:50]} {[%emt 00:00:24]} Qa1 {[%clk
00:44:47]} {[%emt 00:00:45]} 31. Qb5 {[%clk 00:56:19]} {[%emt 00:02:02]} f6
{[%clk 00:38:50]} {[%emt 00:06:27]} 32. Qb8+ {[%clk 00:54:56]} {[%emt
00:01:54]} Bf8 {[%clk 00:39:02]} {[%emt 00:00:17]} 33. Qd8 {[%clk 00:51:34]}
{[%emt 00:03:52]} Nf7 {[%clk 00:38:08]} {[%emt 00:01:23]} 34. Qd7 {[%clk
00:46:55]} {[%emt 00:05:11]} Qa3 {[%clk 00:36:38]} {[%emt 00:01:59]} 35. Qa4
{[%clk 00:44:26]} {[%emt 00:02:59]} Qxa4 {[%clk 00:36:43]} {[%emt 00:00:25]}
36. bxa4 {[%clk 00:44:43]} {[%emt 00:00:13]} Bd6 {[%clk 00:36:40]} {[%emt
00:00:33]} 37. Bxd6 {[%clk 00:43:41]} {[%emt 00:01:33]} Nxd6 {[%clk 00:37:01]}
{[%emt 00:00:09]} 38. Kg3 {[%clk 00:43:39]} {[%emt 00:00:32]} Kf7 {[%clk
00:37:17]} {[%emt 00:00:13]} 39. Kf3 {[%clk 00:43:45]} {[%emt 00:00:24]} Ke6
{[%clk 00:37:06]} {[%emt 00:00:42]} 40. Ke2 {[%clk 00:44:01]} {[%emt 00:00:13]}
Kd5 {[%clk 00:37:18]} {[%emt 00:00:18]} 41. Kd3 {[%clk 00:44:16]} {[%emt
00:00:15]} Kc5 {[%clk 00:37:28]} {[%emt 00:00:20]} 42. e4 {[%clk 00:43:30]}
{[%emt 00:01:16]} Kb4 {[%clk 00:36:12]} {[%emt 00:01:47]} 43. Kd4 {[%clk
00:43:51]} {[%emt 00:00:09]} Kxa4 {[%clk 00:36:25]} {[%emt 00:00:16]} 44. e5
{[%clk 00:44:13]} {[%emt 00:00:08]} fxe5 {[%clk 00:36:32]} {[%emt 00:00:23]}
45. Kxe5 {[%clk 00:44:36]} {[%emt 00:00:08]} Nc4+ {[%clk 00:35:09]} {[%emt
00:01:53]} 46. Kf6 {[%clk 00:44:44]} {[%emt 00:00:21]} a5 {[%clk 00:35:16]}
{[%emt 00:00:23]} 47. Kg5 {[%emt 00:01:24]} Kb5 {[%clk 00:35:01]} {[%emt
00:00:19]} 48. g4 {[%clk 00:44:40]} {[%emt 00:00:06]} a4 {[%clk 00:35:26]}
{[%emt 00:00:06]} 49. f4 {[%clk 00:45:06]} {[%emt 00:00:04]} a3 {[%clk
00:35:32]} {[%emt 00:00:23]} 50. f5 {[%clk 00:45:21]} {[%emt 00:00:15]} gxf5
{[%clk 00:35:40]} {[%emt 00:00:23]} 51. gxf5 {[%clk 00:45:41]} {[%emt
00:00:09]} a2 {[%clk 00:35:50]} {[%emt 00:00:20]} 52. Kh6 {[%clk 00:45:44]}
{[%emt 00:00:27]} a1=Q {[%clk 00:35:58]} {[%emt 00:00:23]} 53. Kxh7 {[%clk
00:45:59]} {[%emt 00:00:06]} Qf6 {[%clk 00:36:22]} {[%emt 00:00:14]} 54. h4
{[%clk 00:46:14]} {[%emt 00:00:15]} Qxf5+ {[%clk 00:36:44]} {[%emt 00:00:08]}
55. Kg7 {[%clk 00:46:35]} {[%emt 00:00:09]} Qh5 {[%clk 00:36:55]} {[%emt
00:00:18]} 56. Kg8 {[%clk 00:46:45]} {[%emt 00:00:20]} Qxh4 {[%clk 00:36:50]}
{[%emt 00:00:35]} 57. Kg7 {[%clk 00:47:07]} {[%emt 00:00:09]} Qg5+ {[%clk
00:37:03]} {[%emt 00:00:17]} 58. Kf8 {[%clk 00:47:27]} {[%emt 00:00:11]} Qf6+
{[%clk 00:36:15]} {[%emt 00:01:18]} 59. Ke8 {[%clk 00:47:26]} {[%emt 00:00:30]}
Qg7 {[%clk 00:36:30]} {[%emt 00:00:15]} 60. Kd8 {[%clk 00:47:39]} {[%emt
00:00:17]} Qf7 {[%clk 00:36:53]} {[%emt 00:00:06]} 0-1

[Event "ODJM C 2024"]
[Site "Willingen GER"]
[Date "2024.05.22"]
[Round "6"]
[White "Yarmish, Kyryl"]
[Black "Muhl, Jakob"]
[Result "1-0"]
[Termination "normal"]
[Board "24"]
[WhiteElo "1707"]
[BlackElo "1043"]
[WhiteClock "00:25:27"]
[BlackClock "00:23:47"]
[PlyCount "115"]
[WhiteFideId "34691880"]
[BlackFideId "34635181"]
[EventCountry "GER"]
[EventRounds "9"]
[EventType "swiss"]
[EventDate "2024.05.18"]

1. Nf3 {[%clk 01:30:57]} {[%emt 00:00:02]} d5 {[%clk 01:30:52]} {[%emt
00:00:08]} 2. g3 {[%clk 01:31:20]} {[%emt 00:00:07]} g6 {[%clk 01:31:12]}
{[%emt 00:00:11]} 3. Bg2 {[%clk 01:31:37]} {[%emt 00:00:12]} Bg7 {[%clk
01:31:13]} {[%emt 00:00:29]} 4. d4 {[%clk 01:31:01]} {[%emt 00:01:05]} Nf6
{[%clk 01:31:18]} {[%emt 00:00:25]} 5. Nbd2 {[%clk 01:31:15]} {[%emt 00:00:16]}
Nc6 {[%clk 01:30:29]} {[%emt 00:01:20]} 6. O-O {[%clk 01:30:54]} {[%emt
00:00:50]} O-O {[%clk 01:30:42]} {[%emt 00:00:18]} 7. c4 {[%clk 01:30:32]}
{[%emt 00:00:53]} Be6 {[%clk 01:29:42]} {[%emt 00:01:28]} 8. c5 {[%clk
01:27:07]} {[%emt 00:03:56]} b6 {[%clk 01:27:17]} {[%emt 00:02:55]} 9. Nb3
{[%clk 01:25:51]} {[%emt 00:01:45]} Ne4 {[%clk 01:24:10]} {[%emt 00:03:38]} 10.
cxb6 {[%clk 01:25:09]} {[%emt 00:01:13]} axb6 {[%clk 01:24:08]} {[%emt
00:00:32]} 11. e3 {[%clk 01:22:43]} {[%emt 00:02:55]} Nb4 {[%clk 01:18:34]}
{[%emt 00:06:04]} 12. a3 {[%clk 01:21:58]} {[%emt 00:01:15]} Nc6 {[%clk
01:17:33]} {[%emt 00:01:30]} 13. Nbd2 {[%clk 01:21:37]} {[%emt 00:00:52]} Bf5
{[%clk 01:14:35]} {[%emt 00:03:27]} 14. Nh4 {[%clk 01:20:38]} {[%emt 00:01:30]}
Nb4 {[%clk 01:09:18]} {[%emt 00:05:46]} 15. Nxf5 {[%clk 01:19:55]} {[%emt
00:01:14]} gxf5 {[%clk 01:09:28]} {[%emt 00:00:20]} 16. Nxe4 {[%clk 01:19:43]}
{[%emt 00:00:42]} dxe4 {[%clk 01:08:00]} {[%emt 00:01:58]} 17. Bd2 {[%clk
01:19:24]} {[%emt 00:00:48]} Nd5 {[%clk 01:06:56]} {[%emt 00:01:34]} 18. Qc2
{[%clk 01:15:33]} {[%emt 00:04:22]} e6 {[%clk 01:02:34]} {[%emt 00:04:53]} 19.
Rac1 {[%clk 01:06:31]} {[%emt 00:09:31]} Re8 {[%clk 01:00:02]} {[%emt
00:03:02]} 20. Qb1 {[%clk 01:03:17]} {[%emt 00:03:44]} e5 {[%clk 00:59:15]}
{[%emt 00:01:18]} 21. dxe5 {[%clk 01:02:50]} {[%emt 00:00:56]} Bxe5 {[%clk
00:59:07]} {[%emt 00:00:38]} 22. Qc2 {[%clk 00:58:12]} {[%emt 00:05:08]} Kh8
{[%clk 00:53:41]} {[%emt 00:05:55]} 23. Rfd1 {[%clk 00:51:18]} {[%emt
00:07:24]} c6 {[%clk 00:47:34]} {[%emt 00:06:38]} 24. Bb4 {[%clk 00:46:13]}
{[%emt 00:05:35]} Nxb4 {[%clk 00:43:45]} {[%emt 00:04:20]} 25. Rxd8 {[%clk
00:46:05]} {[%emt 00:00:37]} Nxc2 {[%emt 00:00:47]} 26. Rxe8+ {[%clk 00:46:01]}
Rxe8 {[%clk 00:44:25]} {[%emt 00:00:07]} 27. Rxc2 {[%clk 00:46:14]} {[%emt
00:00:16]} Kg7 {[%clk 00:39:19]} {[%emt 00:05:37]} 28. Rxc6 {[%clk 00:45:57]}
{[%emt 00:00:48]} Bxb2 {[%clk 00:39:31]} {[%emt 00:00:18]} 29. Rxb6 {[%clk
00:46:01]} {[%emt 00:00:25]} Bxa3 {[%clk 00:39:49]} {[%emt 00:00:12]} 30. Rb5
{[%clk 00:45:16]} {[%emt 00:01:14]} Kg6 {[%clk 00:38:37]} {[%emt 00:01:42]} 31.
Bh3 {[%clk 00:45:20]} {[%emt 00:00:26]} Kf6 {[%clk 00:36:10]} {[%emt 00:02:55]}
32. Rxf5+ {[%clk 00:45:14]} {[%emt 00:00:38]} Kg6 {[%clk 00:35:10]} {[%emt
00:01:32]} 33. Ra5 {[%clk 00:43:01]} {[%emt 00:02:41]} Bb4 {[%clk 00:34:04]}
{[%emt 00:01:35]} 34. Ra4 {[%clk 00:42:31]} {[%emt 00:01:02]} Bc5 {[%clk
00:33:54]} {[%emt 00:00:39]} 35. Bg2 {[%clk 00:41:41]} {[%emt 00:01:21]} Kf5
{[%clk 00:33:18]} {[%emt 00:01:05]} 36. Ra5 {[%clk 00:38:58]} {[%emt 00:03:14]}
Re5 {[%clk 00:33:15]} {[%emt 00:00:31]} 37. g4+ {[%clk 00:36:34]} {[%emt
00:02:57]} Kxg4 {[%clk 00:32:07]} {[%emt 00:01:36]} 38. Bxe4 {[%clk 00:36:24]}
{[%emt 00:00:41]} Rxe4 {[%clk 00:31:55]} {[%emt 00:00:41]} 39. Rxc5 {[%clk
00:36:44]} {[%emt 00:00:11]} f5 {[%clk 00:29:50]} {[%emt 00:02:35]} 40. Rd5
{[%clk 00:26:39]} {[%emt 00:10:34]} Ra4 {[%clk 00:29:03]} {[%emt 00:01:18]} 41.
Rd4+ {[%clk 00:24:23]} {[%emt 00:02:45]} Rxd4 {[%clk 00:29:14]} {[%emt
00:00:19]} 42. exd4 {[%clk 00:24:16]} {[%emt 00:00:38]} Kf4 {[%clk 00:29:09]}
{[%emt 00:00:35]} 43. Kg2 {[%clk 00:23:48]} {[%emt 00:00:58]} Ke4 {[%clk
00:26:10]} {[%emt 00:03:28]} 44. Kg3 {[%clk 00:23:44]} {[%emt 00:00:34]} Kxd4
{[%clk 00:24:50]} {[%emt 00:01:51]} 45. Kf4 {[%clk 00:23:52]} {[%emt 00:00:22]}
Kd5 {[%clk 00:24:00]} {[%emt 00:01:18]} 46. Kxf5 {[%clk 00:24:04]} {[%emt
00:00:20]} Kd6 {[%clk 00:23:01]} {[%emt 00:01:29]} 47. Kf6 {[%clk 00:24:12]}
{[%emt 00:00:22]} h5 {[%clk 00:20:57]} {[%emt 00:02:34]} 48. h4 {[%clk
00:24:17]} {[%emt 00:00:24]} Kd7 {[%clk 00:20:51]} {[%emt 00:00:35]} 49. f4
{[%clk 00:23:55]} {[%emt 00:00:54]} Ke8 {[%clk 00:21:13]} {[%emt 00:00:08]} 50.
Kg7 {[%clk 00:23:38]} {[%emt 00:00:46]} Ke7 {[%clk 00:21:35]} {[%emt 00:00:09]}
51. f5 {[%clk 00:23:58]} {[%emt 00:00:10]} Kd6 {[%clk 00:21:57]} {[%emt
00:00:08]} 52. f6 {[%clk 00:24:20]} {[%emt 00:00:07]} Ke5 {[%clk 00:22:18]}
{[%emt 00:00:10]} 53. f7 {[%clk 00:24:41]} {[%emt 00:00:09]} Ke4 {[%clk
00:22:42]} {[%emt 00:00:05]} 54. f8=Q {[%emt 00:00:21]} Ke3 {[%emt 00:00:04]}
55. Qf5 {[%clk 00:24:28]} {[%emt 00:00:18]} Kd2 {[%clk 00:23:03]} {[%emt
00:00:09]} 56. Qf3 {[%clk 00:24:44]} {[%emt 00:00:14]} Kc1 {[%clk 00:23:23]}
{[%emt 00:00:10]} 57. Qf2 {[%clk 00:25:05]} {[%emt 00:00:09]} Kb1 {[%clk
00:23:47]} {[%emt 00:00:07]} 58. Kf6 {[%clk 00:25:27]} {[%emt 00:00:08]} 1-0

[Event "ODJM C 2024"]
[Site "Willingen GER"]
[Date "2024.05.22"]
[Round "6"]
[White "Sniegowski, Victoria"]
[Black "Frydel, Helena"]
[Result "0-1"]
[Termination "normal"]
[Board "27"]
[WhiteElo "1001"]
[BlackElo "1485"]
[WhiteClock "00:36:12"]
[BlackClock "00:42:16"]
[PlyCount "118"]
[WhiteFideId "34675612"]
[BlackFideId "16266536"]
[EventCountry "GER"]
[EventRounds "9"]
[EventType "swiss"]
[EventDate "2024.05.18"]

1. d4 {[%clk 01:30:56]} {[%emt 00:00:03]} d5 {[%clk 01:30:56]} {[%emt
00:00:05]} 2. Nc3 {[%clk 01:31:19]} {[%emt 00:00:07]} Bf5 {[%clk 01:31:16]}
{[%emt 00:00:10]} 3. Bf4 {[%clk 01:31:30]} {[%emt 00:00:18]} e6 {[%clk
01:31:39]} {[%emt 00:00:07]} 4. f3 {[%clk 01:31:27]} {[%emt 00:00:32]} Bd6
{[%clk 01:31:15]} {[%emt 00:00:54]} 5. Bxd6 {[%clk 01:28:12]} {[%emt 00:03:45]}
Qxd6 {[%clk 01:31:39]} {[%emt 00:00:06]} 6. g4 {[%clk 01:28:03]} {[%emt
00:00:39]} Bg6 {[%clk 01:31:43]} {[%emt 00:00:26]} 7. h4 {[%clk 01:27:51]}
{[%emt 00:00:42]} h5 {[%clk 01:29:49]} {[%emt 00:02:24]} 8. g5 {[%clk
01:28:06]} {[%emt 00:00:15]} Nc6 {[%clk 01:28:46]} {[%emt 00:01:34]} 9. e3
{[%clk 01:28:18]} {[%emt 00:00:18]} Nge7 {[%clk 01:26:35]} {[%emt 00:02:41]}
10. Qd2 {[%clk 01:27:42]} {[%emt 00:01:06]} O-O-O {[%clk 01:24:18]} {[%emt
00:02:47]} 11. O-O-O {[%clk 01:27:53]} {[%emt 00:00:17]} e5 {[%clk 01:15:30]}
{[%emt 00:09:19]} 12. Nge2 {[%clk 01:17:16]} {[%emt 00:11:07]} a6 {[%clk
01:15:01]} {[%emt 00:01:00]} 13. Kb1 {[%clk 01:16:13]} {[%emt 00:01:32]} Rhe8
{[%clk 01:09:59]} {[%emt 00:05:31]} 14. Bh3+ {[%clk 01:15:49]} {[%emt
00:00:55]} Kb8 {[%clk 01:09:05]} {[%emt 00:01:24]} 15. Rhe1 {[%clk 01:14:39]}
{[%emt 00:01:40]} Bf5 {[%clk 01:08:54]} {[%emt 00:00:41]} 16. Bxf5 {[%clk
01:09:14]} {[%emt 00:05:55]} Nxf5 {[%clk 01:08:03]} {[%emt 00:01:21]} 17. f4
{[%clk 01:08:19]} {[%emt 00:01:25]} exd4 {[%clk 01:04:46]} {[%emt 00:03:47]}
18. exd4 {[%clk 01:06:22]} {[%emt 00:02:27]} Nxh4 {[%clk 01:04:47]} {[%emt
00:00:29]} 19. Rh1 {[%clk 01:03:34]} {[%emt 00:03:18]} Nf5 {[%clk 01:01:05]}
{[%emt 00:04:12]} 20. Rxh5 {[%clk 01:02:56]} {[%emt 00:01:08]} Ne3 {[%clk
00:58:18]} {[%emt 00:03:17]} 21. Rg1 {[%clk 00:58:44]} {[%emt 00:04:41]} Nc4
{[%clk 00:57:36]} {[%emt 00:01:12]} 22. Qe1 {[%clk 00:54:19]} {[%emt 00:04:55]}
Re7 {[%clk 00:57:18]} {[%emt 00:00:40]} 23. g6 {[%clk 00:53:25]} {[%emt
00:01:33]} fxg6 {[%clk 00:53:13]} {[%emt 00:04:35]} 24. Rxd5 {[%clk 00:53:28]}
{[%emt 00:00:27]} Qb4 {[%clk 00:53:35]} {[%emt 00:00:08]} 25. Rxd8+ {[%clk
00:52:40]} {[%emt 00:01:19]} Nxd8 {[%clk 00:53:58]} {[%emt 00:00:07]} 26. b3
{[%clk 00:52:26]} {[%emt 00:00:44]} c6 {[%clk 00:52:02]} {[%emt 00:02:27]} 27.
Qd1 {[%clk 00:49:07]} {[%emt 00:03:49]} Ne3 {[%clk 00:51:09]} {[%emt 00:01:23]}
28. Qd3 {[%clk 00:47:59]} {[%emt 00:01:37]} Nd5 {[%clk 00:40:38]} {[%emt
00:11:00]} 29. Nxd5 {[%clk 00:47:57]} {[%emt 00:00:32]} cxd5 {[%clk 00:41:02]}
{[%emt 00:00:06]} 30. Rxg6 {[%clk 00:46:49]} {[%emt 00:01:38]} Qe1+ {[%clk
00:38:43]} {[%emt 00:02:50]} 31. Kb2 {[%clk 00:45:36]} {[%emt 00:01:42]} Qxe2
{[%clk 00:38:40]} {[%emt 00:00:35]} 32. Qxe2 {[%clk 00:45:36]} {[%emt
00:00:29]} Rxe2 {[%clk 00:39:05]} {[%emt 00:00:05]} 33. Rxg7 {[%clk 00:45:53]}
{[%emt 00:00:13]} Ne6 {[%clk 00:39:24]} {[%emt 00:00:11]} 34. Rf7 {[%clk
00:45:04]} {[%emt 00:01:19]} Nxd4 {[%clk 00:39:47]} {[%emt 00:00:07]} 35. f5
{[%clk 00:44:07]} {[%emt 00:01:27]} Rxc2+ {[%clk 00:40:09]} {[%emt 00:00:09]}
36. Kb1 {[%clk 00:43:33]} {[%emt 00:01:04]} Rf2 {[%clk 00:40:31]} {[%emt
00:00:07]} 37. f6 {[%clk 00:43:52]} {[%emt 00:00:10]} Ne6 {[%clk 00:40:28]}
{[%emt 00:00:34]} 38. a4 {[%clk 00:42:58]} {[%emt 00:01:24]} d4 {[%clk
00:40:51]} {[%emt 00:00:07]} 39. Kc1 {[%clk 00:43:02]} {[%emt 00:00:27]} a5
{[%clk 00:40:42]} {[%emt 00:00:39]} 40. Kd1 {[%clk 00:41:05]} {[%emt 00:02:26]}
Kc8 {[%clk 00:38:23]} {[%emt 00:02:49]} 41. Ke1 {[%clk 00:40:47]} {[%emt
00:00:48]} Rf3 {[%clk 00:38:47]} {[%emt 00:00:07]} 42. Ke2 {[%clk 00:39:15]}
{[%emt 00:02:02]} Rf4 {[%clk 00:38:31]} {[%emt 00:00:46]} 43. Kd3 {[%clk
00:37:01]} {[%emt 00:02:44]} Kd8 {[%clk 00:38:09]} {[%emt 00:00:52]} 44. Rxb7
{[%clk 00:36:43]} {[%emt 00:00:48]} Nc5+ {[%clk 00:38:34]} {[%emt 00:00:05]}
45. Kc4 {[%clk 00:35:29]} {[%emt 00:02:55]} Nxb7 {[%clk 00:38:56]} {[%emt
00:00:07]} 46. f7 {[%clk 00:35:16]} {[%emt 00:00:43]} Ke7 {[%clk 00:39:17]}
{[%emt 00:00:09]} 47. b4 {[%clk 00:35:14]} {[%emt 00:00:31]} axb4 {[%clk
00:39:39]} {[%emt 00:00:09]} 48. Kxb4 {[%clk 00:35:22]} {[%emt 00:00:22]} d3+
{[%clk 00:40:05]} {[%emt 00:00:04]} 49. Kc3 {[%clk 00:35:32]} {[%emt 00:00:20]}
Nc5 {[%clk 00:40:07]} {[%emt 00:00:28]} 50. a5 {[%clk 00:35:27]} {[%emt
00:00:35]} Ra4 {[%clk 00:40:31]} {[%emt 00:00:06]} 51. f8=Q+ {[%emt 00:00:55]}
Kxf8 {[%emt 00:00:05]} 52. a6 {[%clk 00:34:42]} {[%emt 00:00:14]} Rxa6 {[%clk
00:40:56]} {[%emt 00:00:05]} 53. Kc4 {[%clk 00:35:06]} {[%emt 00:00:06]} d2
{[%clk 00:41:20]} {[%emt 00:00:07]} 54. Kc3 {[%clk 00:35:23]} {[%emt 00:00:13]}
d1=R {[%clk 00:41:00]} {[%emt 00:00:33]} 55. Kc4 {[%clk 00:35:42]} {[%emt
00:00:27]} Ra2 {[%clk 00:40:53]} {[%emt 00:00:38]} 56. Kb5 {[%clk 00:35:46]}
{[%emt 00:00:26]} Rc2 {[%clk 00:41:12]} {[%emt 00:00:11]} 57. Kb4 {[%clk
00:35:42]} {[%emt 00:00:34]} Rb1+ {[%clk 00:41:26]} {[%emt 00:00:16]} 58. Ka3
{[%clk 00:35:59]} {[%emt 00:00:13]} Na4 {[%clk 00:41:48]} {[%emt 00:00:09]} 59.
Kxa4 {[%clk 00:36:12]} {[%emt 00:00:16]} Ra2# {[%clk 00:42:16]} {[%emt
00:00:02]} 0-1